000 00300nam a22001337a 4500
008 170308b xxu||||| |||| 00| 0 eng d
020 _a9781416034032
041 _aeng
080 _23 ED
_a611
100 _a6
101 _aSHM
245 _aANATOMY HEAD AND NECK
_cFEHRENBACH.J.M
942 _2udc
_cBK
999 _c7197
_d7197